| 000 | 006120000a22001570004500 | ||
|---|---|---|---|
| 008 | 100902t xxu||||| |||| 00| 0 eng d | ||
| 082 | _a26872 | ||
| 090 |
_c26872 _d26872 |
||
| 100 |
_aRuhabuka,Charles _946679 |
||
| 245 |
_aThe critical role of employees in successful business transformation: _ban analysis of the 100 days program of National Water and Sewerage corporation / _cRuhabuka Charles |
||
| 260 |
_aNkozi : _bUganda Martyrs University, _c2002 |
||
| 300 |
_axi, 66 p. ; _c30 cm. |
||
| 500 | _aMaster of Business Administration and Management | ||
| 650 |
_aEmployees _99989 |
||
| 942 |
_cMASTER DIS _2ddc |
||
| 999 |
_c26872 _d26872 |
||